000 01768cam a22004814i 4500
003 PE-LiUPU
005 20250731173515.0
008 150616s1975 nyu rb 000 0 eng d
020 _a0385008953
035 _a(Sirsi) i9780385008952
040 _aPE-LiUPU
_bspa
_cPE-LiUPU
_erda
049 _aPRUA
082 0 4 _a220.7
_bAB
_221
100 1 _aMassyngerde Ford, J.,
_eautor.
245 1 0 _aRevelation :
_bintroduction, translation and commentary /
_cJ. Massyngerde Ford.
264 1 _aNew York :
_bThe Anchor Bible, Doubleday,
_c1975.
300 _a455 páginas ;
_c24 centímetros.
336 _atext
_2rdacontent
337 _aunmediated
_2rdamedia
338 _avolume
_2rdacarrier
490 0 _aThe Anchor Bible ;
_v38
504 _aBibliografía al final de cada capítulo.
505 0 _aHow revelation began -- New testament apocalypses -- Post-new testament christian apocalypses -- The shepherd of hermas -- The christology -- Messianism.
526 _aSEG42
526 _aSEG41
526 _aSEG40
526 _aSEG39
526 _aP94
526 _aP87
526 _aP86
526 _aP85
526 _aP77
526 _aP76
526 _aP35
630 _aBiblia.
_pN.T.
_pApocalipsis
_xComentarios.
910 _ajck
_bjvq
_cjck
942 _2ddc
_cBOOK
949 _a220.7 AB 38
_wDEWEY
_c1
_i41495
_d2016-6-6
_e2016-6-2
_lCCODEBUL1
_mBUL
_n2
_r0
_sY
_tBOOK
_u2015-6-16
_xTEOLOGIA
_zUNKNOWN
_0COMPRA
_o.STAFF. Colección General
994 _aC0
_bPEPRU
596 _a1
999 _a220.7 AB 38
_wDEWEY
_c59212
_i41495
_d59212
_e2016-6-2
_f2021-11-9
_g5
_lCCODEBUL1
_mBUL
_n2
_p18.00
_q6
_r0
_sY
_tBOOK
_u2015-6-16
_xTEOLOGIA
_zUNKNOWN
_0COMPRA
_o.STAFF. Colección Teología
980 _81
_gALBERTO SANCHEZ Responsable de Automatización